Štruktúrna konvergencia krajín strednej Európy k pôvodným členským štátom EÚ

Dobiehanie ekonomickej úrovne pôvodných členských štátov EÚ novými členskými štátmi je závislé od toho, do akej miery sa novým členských štátom podarí zvýšiť svoju technologickú a inovačnú výkonnosť, teda v štruktúre svojej ekonomiky posilniť váhu odvetví a odborov vysoko náročných na vedu, výskum,...

Descrizione completa

Salvato in:
Dettagli Bibliografici
Autore principale: Fifeková, Elena
Natura: Capitolo di libro
Lingua:slovacco
Soggetti:
Tags: Aggiungi Tag
Nessun Tag, puoi essere il primo ad aggiungerne!!

MARC

LEADER 00000nla a2200000 4500
001 0229596
005 20240502073758.7
041 0 |a slo 
044 |a SK 
245 1 0 |a Štruktúrna konvergencia krajín strednej Európy k pôvodným členským štátom EÚ  |c Elena Fifeková 
520 |a Dobiehanie ekonomickej úrovne pôvodných členských štátov EÚ novými členskými štátmi je závislé od toho, do akej miery sa novým členských štátom podarí zvýšiť svoju technologickú a inovačnú výkonnosť, teda v štruktúre svojej ekonomiky posilniť váhu odvetví a odborov vysoko náročných na vedu, výskum, vzdelanie. Proces, ktorý odráža uvedený štruktúrny posun a zároveň vytvára podmienky pre hlbšiu integráciu sa vo všeobecnosti označuje ako štruktúrna konvergencia. 
610 2 0 |a Európska únia 
610 2 0 |a konvergencia 
610 2 0 |a výkonnosť ekonomiky 
610 2 0 |a výkonnosť inovačná 
610 2 0 |a technológie nové 
610 2 0 |a integrácia 
100 1 |a Fifeková, Elena